| 000 | 00715nam a2200217 a 4500 | ||
|---|---|---|---|
| 003 | PILC | ||
| 005 | 20150812101506.0 | ||
| 008 | 040113s ohu 000 0 eng d | ||
| 020 | _a981265500X | ||
| 050 | 0 | 0 |
_aHF 5635 _b.W35 2005 |
| 100 | 1 | _aWarren, Carl S. | |
| 245 | 1 | 0 |
_aAccounting / _cCarl S. Warren, James M. Reeve, Philip E. Fess. |
| 250 | _aEdition 21, Thomson Asian edition. | ||
| 260 |
_aAustralia : _bThomson, _c2005. |
||
| 300 |
_a1 volume (various pagings) : _billustrations ; _c26 cm. |
||
| 500 | _aReprint. Originally published: Cincinnati, Ohio : South-Western, c2005. | ||
| 650 | 0 | _aAccounting. | |
| 700 | 1 |
_aReeve, James M., _d1953- |
|
| 700 | 1 | _aFess, Philip E. | |
| 942 |
_2lcc _cBK |
||
| 999 |
_c288391 _d288391 |
||